000 00469nam a2200181Ia 4500
008 230711s9999||||xx |||||||||||||| ||und||
020 _a978-93-80308-35-7
041 _aENG
082 _a677.08222
_bTH-P
100 _aThilagavathi,G
245 0 _aProcess control and yarn quality in spinning
250 _a1st Ed.
260 _c2015
_aCamberidge
_bWoodhead Publishing Ltd
300 _a410p.
650 _aTextile Engineering
700 _aKarthik,T
942 _cBK
999 _c5834
_d5834